The sleeping beauty / (Record no. 416640)
[ view plain ]
| 000 -LEADER | |
|---|---|
| fixed length control field | 01873cam a2200493 i 4500 |
| 001 - CONTROL NUMBER | |
| control field | on1117462424 |
| 005 - DATE AND TIME OF LATEST TRANSACTION | |
| control field | 20260224093357.0 |
| 008 - FIXED-LENGTH DATA ELEMENTS--GENERAL INFORMATION | |
| fixed length control field | 190516s2019 utua a 000 1 und d |
| 010 ## - LIBRARY OF CONGRESS CONTROL NUMBER | |
| LC control number | 2018915161 |
| 040 ## - CATALOGING SOURCE | |
| Original cataloging agency | LNC |
| Language of cataloging | eng |
| Description conventions | rda |
| Transcribing agency | LNC |
| Modifying agency | OCP |
| -- | OCLCF |
| -- | TnLvILS |
| 020 ## - INTERNATIONAL STANDARD BOOK NUMBER | |
| International Standard Book Number | 9781423652595 |
| Qualifying information | (board bk.) |
| 020 ## - INTERNATIONAL STANDARD BOOK NUMBER | |
| International Standard Book Number | 1423652592 |
| Qualifying information | (board bk.) |
| 035 ## - SYSTEM CONTROL NUMBER | |
| System control number | (OCoLC)1117462424 |
| 082 04 - DEWEY DECIMAL CLASSIFICATION NUMBER | |
| Classification number | [E] |
| Edition number | 23 |
| 049 ## - LOCAL HOLDINGS (OCLC) | |
| Holding library | IG#A |
| 100 1# - MAIN ENTRY--PERSONAL NAME | |
| Personal name | Adams, Jennifer, |
| Dates associated with a name | 1970- |
| Relator term | author. |
| 9 (RLIN) | 5698926 |
| 245 14 - TITLE STATEMENT | |
| Title | The sleeping beauty / |
| Statement of responsibility, etc | retold by Jennifer Adams ; art by Corey Egbert. |
| 250 ## - EDITION STATEMENT | |
| Edition statement | First edition. |
| 264 #1 - Production, Publication, Distribution, Manufacture, and Copyright Notice. | |
| Place of production, publication, distribution, manufacture | Layton, Utah : |
| Name of producer, publisher, distributor, manufacturer | Gibbs Smith, |
| Date of production, publication, distribution, manufacture, or copyr | [2019] |
| 300 ## - PHYSICAL DESCRIPTION | |
| Extent | 1 volume (unpaged) : |
| Other physical details | color illustrations ; |
| Dimensions | 18 cm. |
| 336 ## - Content Type | |
| Content type term | text |
| 336 ## - Content Type | |
| Content type term | still image |
| 337 ## - Media type | |
| Media type term | unmediated |
| 338 ## - Carrier type | |
| Carrier type term | volume |
| 490 1# - SERIES STATEMENT | |
| Series statement | My first ballet book |
| 490 1# - SERIES STATEMENT | |
| Series statement | A BabyLit book |
| 500 ## - GENERAL NOTE | |
| General note | On board pages. |
| 500 ## - GENERAL NOTE | |
| General note | Cover title. |
| 520 ## - SUMMARY, ETC. | |
| Summary, etc | "Retells the classic story and introduces little ones to the beautiful art of ballet"-- |
| -- | Provided by publisher. |
| 650 #0 - SUBJECT ADDED ENTRY--TOPICAL TERM | |
| Topical term or geographic name as entry element | Sleeping Beauty (Tale) |
| Form subdivision | Juvenile fiction. |
| 9 (RLIN) | 6380355 |
| 650 #0 - SUBJECT ADDED ENTRY--TOPICAL TERM | |
| Topical term or geographic name as entry element | Fairy tales |
| General subdivision | Adaptations |
| Form subdivision | Juvenile fiction. |
| 9 (RLIN) | 6413603 |
| 650 #0 - SUBJECT ADDED ENTRY--TOPICAL TERM | |
| Topical term or geographic name as entry element | Ballet |
| Form subdivision | Juvenile fiction. |
| 9 (RLIN) | 5674126 |
| 650 #0 - SUBJECT ADDED ENTRY--TOPICAL TERM | |
| Topical term or geographic name as entry element | Board books. |
| 650 #1 - SUBJECT ADDED ENTRY--TOPICAL TERM | |
| Topical term or geographic name as entry element | Sleeping Beauty (Tale) |
| Form subdivision | Fiction. |
| 9 (RLIN) | 5705443 |
| 650 #1 - SUBJECT ADDED ENTRY--TOPICAL TERM | |
| Topical term or geographic name as entry element | Fairy tales |
| General subdivision | Adaptations |
| Form subdivision | Fiction. |
| 9 (RLIN) | 6561297 |
| 650 #1 - SUBJECT ADDED ENTRY--TOPICAL TERM | |
| Topical term or geographic name as entry element | Ballet |
| Form subdivision | Fiction. |
| 9 (RLIN) | 5674130 |
| 650 #1 - SUBJECT ADDED ENTRY--TOPICAL TERM | |
| Topical term or geographic name as entry element | Board books. |
| 655 #0 - INDEX TERM--GENRE/FORM | |
| Genre/form data or focus term | Board books. |
| 655 #7 - INDEX TERM--GENRE/FORM | |
| Genre/form data or focus term | Fairy tales. |
| Source of term | lcgft |
| 700 1# - ADDED ENTRY--PERSONAL NAME | |
| Personal name | Egbert, Corey, |
| Dates associated with a name | 1988- |
| Relator term | illustrator. |
| 9 (RLIN) | 5889877 |
| 700 1# - ADDED ENTRY--PERSONAL NAME | |
| -- | Adaption of (work): |
| Personal name | Perrault, Charles, |
| Dates associated with a name | 1628-1703. |
| Title of a work | Belle au bois dormant. |
| Language of a work | English. |
| 9 (RLIN) | 8950 |
| 800 1# - SERIES ADDED ENTRY--PERSONAL NAME | |
| Personal name | Adams, Jennifer, |
| Dates associated with a name | 1970- |
| Title of a work | My first ballet book. |
| 9 (RLIN) | 6561298 |
| 830 #0 - SERIES ADDED ENTRY--UNIFORM TITLE | |
| Uniform title | BabyLit book. |
| 9 (RLIN) | 5989399 |
| Withdrawn status | Lost status | Source of classification or shelving scheme | Damaged status | Not for loan | Collection code | Home library | Current library | Shelving location | Date acquired | Source of acquisition | Total Checkouts | Full call number | Barcode | Date last seen | Date checked out | Cost, replacement price | Price effective from | Koha item type |
|---|---|---|---|---|---|---|---|---|---|---|---|---|---|---|---|---|---|---|
| Dewey Decimal Classification | Children Board Books | Wasatch County Library | Wasatch County Library | Main Floor Childrens Area | 02/26/2026 | Ingram | 1 | BB Adams | 34301002180489 | 03/10/2026 | 03/03/2026 | 11.99 | 02/26/2026 | BOOK |
